01116cam a22002775a 45000010009000000050017000090080041000260200018000670400033000850820019001181000029001372450092001662600067002583000035003255000024003605040041003846500040004256500040004656510056005056510055005616530025006167000032006419420008006739990017006819520140006981865002220160825114948.0150608s2016 enka frb 001 0 eng d a9781138885318 aDLCbengcDLCdDLCdEG-ScBUE04a338.9222bDEJ1 aDe Janvry, Alain.94079910aDevelopment economics :btheory and practice /cAlain de Janvry and Elisabeth Sadoulet. aOxon ;aNew York :bRoutledge / Taylor & Francis Group,c2016. axxix, 828 p. :bill. ;c25 cm. aIndex : p. 813-828. aIncludes bibliographical references. 7aDevelopment economics.2BUEsh94896 7aEconomic development.2BUEsh910495 7aDeveloping countriesxEconomic policy.2BUEsh93693 7aDeveloping countriesxSocial policy.2BUEsh940800 bBUSECOcAugust 2016 1 aSadoulet, Elisabeth,d1945- 2ddc c22197d22169 00102ddc40708BaccahaMAINbMAINc1STd2016-08-22ePurchaseg705.00h25140l0o338.9 DEJp000033330r2025-07-15 00:00:00v881.25yBB